| 000 | 00482nam a2200169 a 4500 | ||
|---|---|---|---|
| 003 | PILC | ||
| 005 | 20150112093441.0 | ||
| 008 | 100726s19uu xx 00 eng d | ||
| 050 |
_aBS 1901 _b.D491 1997 |
||
| 082 |
_aReSF 220.5 _bD49 1987 |
||
| 110 |
_aThe Zondervan Corporation _919302 |
||
| 245 | _aThe devotional study Bible / | ||
| 260 |
_bThe Zondervan Bible Publisher, _c1997. |
||
| 300 |
_a1111 pages : _c22 cm. |
||
| 650 |
_aHoly bible - religion _919303 |
||
| 942 |
_2lcc _cBK |
||
| 999 |
_c14765 _d14765 |
||